Loading...
| Literature - Poetry | 0 | 4 | 0 | 1 | 40 | 121 | 143.00 | 1 | 4 |
| Fine Arts - Other Fine Arts | 0 | 4 | 0 | 0 | 40 | 90 | 120.00 | 2 | 4 |
| History - World History | 0 | 4 | 1 | 1 | 35 | 82 | 108.25 | 3 | 4 |
| Science - Biology | 0 | 3 | 0 | 1 | 30 | 72 | 94.33 | 1 | 3 |
| Religion | 1 | 1 | 0 | 1 | 25 | 65 | 102.00 | 1 | 2 |
| Literature - Short Fiction | 0 | 3 | 1 | 1 | 25 | 94 | 132.67 | 1 | 3 |
| Literature - Drama | 0 | 3 | 1 | 1 | 25 | 102 | 129.00 | 1 | 3 |
| Social Science | 0 | 2 | 0 | 1 | 20 | 134 | 137.00 | 0 | 2 |
| History - American History | 0 | 2 | 0 | 1 | 20 | 95 | 118.50 | 0 | 2 |
| History - European History | 0 | 2 | 0 | 1 | 20 | 92 | 118.00 | 1 | 2 |
| Literature - Long Fiction | 0 | 2 | 0 | 0 | 20 | 96 | 109.00 | 2 | 2 |
| Science - Chemistry | 0 | 2 | 0 | 0 | 20 | 79 | 94.00 | 2 | 2 |
| Fine Arts - Painting and Sculpture | 0 | 2 | 1 | 1 | 15 | 108 | 130.50 | 0 | 2 |
| History - Other History | 0 | 2 | 1 | 1 | 15 | 104 | 127.50 | 0 | 2 |
| Geography | 0 | 1 | 0 | 1 | 10 | 150 | 150.00 | 0 | 1 |
| Fine Arts - Classical Music | 0 | 1 | 0 | 1 | 10 | 139 | 139.00 | 0 | 1 |
| Other Academic | 0 | 1 | 0 | 1 | 10 | 140 | 140.00 | 0 | 1 |
| Science - Physics | 0 | 1 | 0 | 0 | 10 | 112 | 112.00 | 0 | 1 |
| Mythology | 0 | 1 | 2 | 1 | 0 | 133 | 133.00 | 0 | 1 |
| Science - Other Science | 0 | 1 | 2 | 0 | 0 | 151 | 151.00 | 1 | 1 |